| 000 | 00542nam a2200193 i 4500 | ||
|---|---|---|---|
| 001 | 87013 | ||
| 003 | ES-MaACL | ||
| 005 | 20230906175555.0 | ||
| 007 | t| | ||
| 008 | 041217s1961 sp ||||1| spa d | ||
| 080 | _a811.133.1'36 | ||
| 100 | 1 |
_aKordgien, G. _968590 |
|
| 245 | 1 | 0 |
_aGramática sucinta de la lengua francesa / _cG. Kordgien y E. Otto. |
| 260 |
_aBarcelona : _bHerder, _c1961. |
||
| 300 |
_a250 p. ; _c19 cm. |
||
| 650 | 4 |
_aLengua francesa- _xGramática. _914220 |
|
| 700 | 1 |
_aOtto, Emil. _987950 |
|
| 852 | 4 |
_aES-MaACL _jC-20148 |
|
| 999 |
_c87013 _d87013 |
||